[Event "Fabriano Palio op"]
[Site "Fabriano"]
[Date "2010.06.25"]
[Round "6"]
[White "Guglielmi, Gabriele"]
[Black "Gaoni, Vincenzo"]
[Result "1-0"]
[WhiteElo "2017"]
[BlackElo "1825"]
[PlyCount "119"]
[EventDate "2010.06.20"]
[EventType "swiss"]
[EventRounds "6"]
[EventCountry "ITA"]
[SourceTitle "EXT 2024"]
[Source "ChessBase"]
[SourceDate "2023.10.10"]
[SourceVersion "1"]
[SourceVersionDate "2023.10.10"]
[SourceQuality "1"]

1. d4 d5 2. c4 Bf5 3. Nc3 e6 4. Nf3 Nc6 5. cxd5 exd5 6. Qa4 Bb4 7. Ne5 Nge7 8. e3 a6 9. Bd3 b5 10. Qc2 Nxe5 11. Bxf5 Nxf5 12. dxe5 d4 13. Qe4 0-0 14. 0-0 dxc3 15. Qxb4 cxb2 16. Bxb2 Qe7 17. Qxe7 Nxe7 18. Ba3 Rfe8 19. Rac1 c6 20. e4 Rac8 21. Bxe7 Rxe7 22. Rc5 g6 23. Rfc1 Rd7 24. h4 Rd4 25. f3 Ra4 26. R1c2 b4 27. Kh2 a5 28. Kg3 Ra3 29. Kf4 a4 30. Kg5 Kg7 31. h5 h6+ 32. Kg4 gxh5+ 33. Kxh5 Re8 34. Kg4 b3 35. axb3 axb3 36. Rc1 b2 37. Rb1 Rb8 38. Rc2 Ra2 39. Kf4 Rb3 40. e6 fxe6 41. Ke5 Kf7 42. Kd6 Ra1 43. Rbxb2 Rxb2 44. Rxb2 Rc1 45. f4 c5 46. Ke5 c4 47. Rb7+ Kg6 48. Kxe6 c3 49. Rc7 c2 50. Ke5 Kh5 51. Kf5 Kh4 52. Rc3 Rh1 53. Rxc2 Kg3 54. e5 h5 55. e6 Re1 56. Kf6 Kxf4 57. Rc3 Kg4 58. Rf3 Re2 59. e7 Rxg2 60. Re3 1-0